Baker encyclopedia of Christian apologetics / (Record no. 2068)

MARC details
000 -LEADER
fixed length control field 01022cam a2200277 a 4500
001 - CONTROL NUMBER
control field 1196925
003 - CONTROL NUMBER IDENTIFIER
control field GBCCL
005 - DATE AND TIME OF LATEST TRANSACTION
control field 20241126110416.0
008 - FIXED-LENGTH DATA ELEMENTS--GENERAL INFORMATION
fixed length control field 980611s1999 miu be 001 0 eng
010 ## -
-- 98008735
020 ## - INTERNATIONAL STANDARD BOOK NUMBER
International Standard Book Number 0801021510
040 ## - CATALOGING SOURCE
Original cataloging agency DLC
Transcribing agency DLC
Modifying agency DLC
050 00 -
-- BT1102
-- .G42 1999
082 00 - DEWEY DECIMAL CLASSIFICATION NUMBER
Classification number 239.03
Edition information 21
Item number GEI
100 1# - MAIN ENTRY--PERSONAL NAME
Personal name Geisler, Norman L.
9 (RLIN) 88
245 10 - TITLE STATEMENT
Title Baker encyclopedia of Christian apologetics /
Statement of responsibility, etc. Norman L. Geisler.
260 ## - PUBLICATION, DISTRIBUTION, ETC.
Place of publication, distribution, etc. Grand Rapids, Mich. :
Name of publisher, distributor, etc. Baker Books,
Date of publication, distribution, etc. c1999.
300 ## - PHYSICAL DESCRIPTION
Extent vii, 841 p. ;
Dimensions 27 cm.
440 #0 - SERIES STATEMENT/ADDED ENTRY--TITLE
Title Baker reference library
9 (RLIN) 2719
504 ## - BIBLIOGRAPHY, ETC. NOTE
Bibliography, etc. note Includes bibliographical references (p. 792-820) and indexes.
650 #0 - SUBJECT ADDED ENTRY--TOPICAL TERM
Topical term or geographic name entry element Apologetics
General subdivision Encyclopedias.
9 (RLIN) 4239
906 ## - LOCAL DATA ELEMENT F, LDF (RLIN)
a 7
b cbu
c orignew
d 1
e ocip
f 19
g y-gencatlg
942 ## - ADDED ENTRY ELEMENTS (KOHA)
Source of classification or shelving scheme Dewey Decimal Classification
Koha item type Reference Books
Holdings
Withdrawn status Lost status Source of classification or shelving scheme Damaged status Not for loan Home library Current Library Shelving location Date acquired Total checkouts Full call number Barcode Date last seen Copy number Price effective from Koha item type
    Dewey Decimal Classification     GRACE BIBLE COLLEGE GRACE BIBLE COLLEGE Encyclopedia 2017-06-28   239.03 GEI 010119 2025-05-01 c.1 2017-06-28 Reference Books
    Dewey Decimal Classification     GRACE BIBLE COLLEGE GRACE BIBLE COLLEGE Encyclopedia 2017-06-28   239.03 GEI 010120 2025-05-01 c.2 2017-06-28 Reference Books
© Grace Bible College Library 2025